书目信息 |
| 题名: |
新分析增效试剂
|
|
| 作者: | 戚文彬 , 戚志红 编著 | |
| 分册: | ||
| 出版信息: | 杭州 杭州大学出版社 1994.07 |
|
| 页数: | 221页 | |
| 开本: | 32开 | |
| 丛书名: | ||
| 单 册: | ||
| 中图分类: | O652.3 | |
| 科图分类: | ||
| 主题词: | 分析化学 , 分析(化学) | |
| 电子资源: | ||
| ISBN: | 7-81035-667-4 | |
| 000 | 00625nam0 2200217 45 | |
| 001 | 0010061703 | |
| 005 | 20001006170238.7 | |
| 010 | @a7-81035-667-4@d6.50元 | |
| 100 | @a20001006d1994 km y0chiy0120 ea | |
| 101 | 0 | @achi |
| 105 | @a z 000yy | |
| 200 | 1 | @a新分析增效试剂@AXin Fen Xi Zeng Xiao Shi Ji@f戚文彬,戚志红编著@FQi Wen Bin,Qi Zhi Hong Bian Zhu |
| 210 | @a杭州@c杭州大学出版社@d1994.07 | |
| 215 | @a221页@d32开 | |
| 606 | 0 | @a分析化学 |
| 606 | 0 | @a分析(化学) |
| 690 | @aO652.3@v3 | |
| 701 | 0 | @a戚文彬@4编著 |
| 701 | 0 | @a戚志红@4编著 |
| 801 | @aCN@bPftUser@c20001006 | |
| 905 | @b168943-947@dO652.3@eQ697@f5 | |
| 新分析增效试剂/戚文彬,戚志红编著.-杭州:杭州大学出版社,1994.07 |
| 221页;32开 |
| ISBN 7-81035-667-4:6.50元 |
| ● |
| 相关链接 |
|
|
|
正题名:新分析增效试剂
索取号:O652.3/Q697
 
预约/预借
| 序号 | 登录号 | 条形码 | 馆藏地/架位号 | 状态 | 备注 |
| 1 | 168943 | 201689431 | 自科库401/401自科库 65排7列2层/ [索取号:O652.3/Q697] | 在馆 | |
| 2 | 168944 | 201689440 | 自科库401/401自科库 65排7列2层/ [索取号:O652.3/Q697] | 在馆 | |
| 3 | 168945 | 201689459 | 自科库401/401自科库 65排7列2层/ [索取号:O652.3/Q697] | 在馆 | |
| 4 | 168946 | 201689468 | 自科库401/401自科库 65排7列2层/ [索取号:O652.3/Q697] | 在馆 | |
| 5 | 168947 | 201689477 | 自科库401/401自科库 65排7列2层/ [索取号:O652.3/Q697] | 在馆 |